| 000 | 00476nam a2200181Ia 4500 | ||
|---|---|---|---|
| 005 | 20250326123703.0 | ||
| 008 | 250326s9999 xx 000 0 und d | ||
| 037 | _aTextbook | ||
| 040 |
_aFMSL _beng _cFMSL |
||
| 041 |
_aeng _2eng |
||
| 084 |
_aX65.1 M8 _qFMSL |
||
| 100 |
_aUN _9326335 |
||
| 245 | 0 |
_aDevelopment papers no.10 _cUN |
|
| 260 |
_aBangkok _bBangkok, United Nations _c1988 |
||
| 300 | _a262p | ||
| 942 |
_cTB _hX65.1 M8 |
||
| 999 |
_c1270502 _d1270502 |
||